00480nam a2200181 a 450000100060000000300090000600800410001502000150005604000280007108200150009910000180011424500310013226000420016330000110020549000250021665000250024165000320026619431CO-ViMGA141112s2004 ck r 000 u spa d a9681841832 aCO-ViMGAbspacCO-ViMGA04a808.81 K721 aKrauze, Ethel10aComo acercarse a la poesia aMexico : bLimusa : bConaculta; 1994 a176 p. aComo acercarse a ...14aPOESIA - COLECCIONES14aPOESIA - HISTORIA Y CRITICA